Präsidenten der Türkei - Statistiken

Allgemein
  • Dieses Quiz wurde 161 mal gespielt
  • Das Durchschnittsergebnis liegt bei 5 aus 12
Antwortstatistiken
Amtszeit Präsident % Korrekt
2014- heute Recep Tayyip Erdoğan
99%
1923-1938 Mustafa Kemal Atatürk
90%
1938-1950 İsmet İnönü
48%
2007-2014 Abdullah Gül
43%
1993-2000 Süleyman Demirel
38%
1989-1993 Turgut Özal
36%
1982-1989 Kenan Evren
32%
2000-2007 Ahmet Necdet Sezer
27%
1950-1960 Celâl Bayar
23%
1973-1980 Fahri Korutürk
18%
1960-1966 Cemal Gürsel
15%
1966-1973 Cevdet Sunay
13%
Keine übereinstimmenden Quizze gefunden
Verteilung der Resultate
Anzahl Personen mit jedem Resultat
Perzentil nach korrekt beantworteten Fragen
Ihre Resultats-Entwicklung
Sie haben dieses Quiz noch nicht gespielt